Beliebteste Freizeitaktivitäten der Deutschen - Statistiken

Allgemein
  • Dieses Quiz wurde 572 mal gespielt
  • Das Durchschnittsergebnis liegt bei 9 aus 32
Antwortstatistiken
Anteil der Befragten Aktivität % Korrekt
4,5 % Fußball spielen
90%
7,5 % Jogging
62%
16,8 % Zum Essen ausgehen
54%
13,7 % Computerspiele
50%
9,9 % Wandern
50%
2,0 % Tennis
48%
5,3 % Walking
48%
5,4 % Mountainbike fahren
44%
1,1 % Basketball
42%
7,9 % Gesellschaftsspiele
36%
27,7 % Shoppen
35%
6,2 % Tanzen
35%
11,3 % Einfache Reparaturarbeiten
30%
2,9 % Videofilme drehen
28%
1,1 % Golf
26%
28,7 % Im Garten arbeiten
23%
2,0 % Reiten
23%
1,4 % Bergsteigen
22%
1,8 % Ski
22%
10,7 % Fitnessstudio
20%
5,8 % In Diskotheken gehen
17%
7,6 % Basteln
16%
1,6 % Rollerskating
12%
3,7 % Yoga
12%
1,6 % Angeln
10%
2,3 % Besuch von Freizeitparks
10%
15,0 % Rätsel lösen
9%
7,6 % Sauna
6%
1,3 % Leichtathletik
5%
5,7 % Schwierige Reparaturarbeiten
5%
2,6 % Camping
4%
5,2 % Thermalbad besuchen
4%
Keine übereinstimmenden Quizze gefunden
Verteilung der Resultate
Anzahl Personen mit jedem Resultat
Perzentil nach korrekt beantworteten Fragen
Ihre Resultats-Entwicklung
Sie haben dieses Quiz noch nicht gespielt